Rapport sur les mines de houille de l'Angleterre, adressé à la Société de Commerce de Bruxelles et à Mr. E. Hainbeaux / (Record no. 189543)
[ view plain ]
| 000 -LEADER | |
|---|---|
| campo de control de longitud fija | 00933nam a2200205 i 4500 |
| 001 - NÚMERO DE CONTROL | |
| campo de control | 189543 |
| 003 - IDENTIFICADOR DE NÚMERO DE CONTROL | |
| campo de control | ES-MaACL |
| 005 - FECHA Y HORA DE LA ÚLTIMA TRANSACCIÓN | |
| campo de control | 20230906223510.0 |
| 008 - DATOS DE LONGITUD FIJA--INFORMACIÓN GENERAL | |
| campo de control de longitud fija | 190610s1844 be bf |||| | fre d |
| 100 1# - ENTRADA PRINCIPAL--NOMBRE DE PERSONA | |
| Nombre de persona | Guibal, Th. |
| 9 (RLIN) | 167327 |
| 245 10 - MENCIÓN DEL TÍTULO | |
| Título | Rapport sur les mines de houille de l'Angleterre, adressé à la Société de Commerce de Bruxelles et à Mr. E. Hainbeaux / |
| Mención de responsabilidad, etc. | par Th. Guibal, Al. Boty, G. Glepin. |
| 246 35 - FORMA VARIANTE DEL TITULO | |
| Texto de visualización | Tít. de anteport. |
| Título propio/Titulo breve | Voyage en Angleterre |
| Resto del título | : rapport sur les mines de houille. |
| Número de parte o sección de la obra | Première partie |
| 260 ## - PUBLICACIÓN, DISTRIBUCIÓN, ETC. | |
| Lugar de publicación, distribución, etc. | Mons [Bélgica] : |
| Nombre del editor, distribuidor, etc. | Emm. Hoyois, |
| Fecha de publicación, distribución, etc. | 1844. |
| 300 ## - DESCRIPCIÓN FÍSICA | |
| Extensión | [1] h. de mapa col. pleg., XX, 137 p., XXV h. de lám. ; |
| Dimensiones | 30 cm. |
| 599 ## - NOTA A LAS ILUSTRACIONES | |
| NOTA A LAS ILUSTRACIONES | Mapa geológico de Inglaterra, Escocia y Gales. |
| 650 #4 - PUNTO DE ACCESO ADICIONAL DE MATERIA--TÉRMINO DE MATERIA | |
| Término de materia o nombre geográfico como elemento de entrada | Minas de carbón- |
| Subdivisión geográfica | Gran Bretaña. |
| 9 (RLIN) | 167330 |
| 700 1# - ENTRADA AGREGADA--NOMBRE PERSONAL | |
| Nombre de persona | Boty, Al. |
| 9 (RLIN) | 167328 |
| 700 1# - ENTRADA AGREGADA--NOMBRE PERSONAL | |
| Nombre de persona | Glepin, G. |
| 9 (RLIN) | 167329 |
| 852 ## - LOCALIZACIÓN | |
| Ubicación | ES-MaACL |
| Número de control de estantería | L-32437 |
| Nota libre | - Enc. cart. |
| -- | . - Legado Federico de Botella y de Hornos |
| Estatus retirado | Estado de pérdida | Estado de daño | No para préstamo | Colección | Biblioteca de origen | Biblioteca actual | Ubicación en estantería | Fecha de adquisición | Fuente de adquisición | Total de préstamos | Signatura topográfica completa | Código de barras | Visto por última vez | Precio de reemplazo | Tipo de ítem Koha |
|---|---|---|---|---|---|---|---|---|---|---|---|---|---|---|---|
| Libros del s. XIX | Biblioteca del Ateneo de Madrid | Biblioteca del Ateneo de Madrid | Depósito 2 | 10/06/2019 | L-32437 | 1200840 | 23/02/2023 | 23/02/2023 | Libro impreso antiguo |
